<?xml version="1.0" encoding="UTF-8"?><?xml-stylesheet type="text/xsl" href="static/style.xsl"?><OAI-PMH xmlns="http://www.openarchives.org/OAI/2.0/" xmlns:xsi="http://www.w3.org/2001/XMLSchema-instance" xsi:schemaLocation="http://www.openarchives.org/OAI/2.0/ http://www.openarchives.org/OAI/2.0/OAI-PMH.xsd"><responseDate>2026-06-01T14:49:35Z</responseDate><request verb="GetRecord" identifier="oai:riuma.uma.es:10630/45446" metadataPrefix="marc">https://riuma.uma.es/rest/oai/request</request><GetRecord><record><header><identifier>oai:riuma.uma.es:10630/45446</identifier><datestamp>2026-04-10T10:52:39Z</datestamp><setSpec>com_10630_2254</setSpec><setSpec>col_10630_37953</setSpec></header><metadata><record xmlns="http://www.loc.gov/MARC21/slim" xmlns:dcterms="http://purl.org/dc/terms/" xmlns:doc="http://www.lyncode.com/xoai" xmlns:xsi="http://www.w3.org/2001/XMLSchema-instance" xsi:schemaLocation="http://www.loc.gov/MARC21/slim http://www.loc.gov/standards/marcxml/schema/MARC21slim.xsd">
   <leader>00925njm 22002777a 4500</leader>
   <datafield ind2=" " ind1=" " tag="042">
      <subfield code="a">dc</subfield>
   </datafield>
   <datafield ind2=" " ind1=" " tag="720">
      <subfield code="a">Sánchez-Ramírez, Ana</subfield>
      <subfield code="e">author</subfield>
   </datafield>
   <datafield ind2=" " ind1=" " tag="720">
      <subfield code="a">Luque-González, José Manuel</subfield>
      <subfield code="e">author</subfield>
   </datafield>
   <datafield ind2=" " ind1=" " tag="720">
      <subfield code="a">Pérez-Sánchez, Laura</subfield>
      <subfield code="e">author</subfield>
   </datafield>
   <datafield ind2=" " ind1=" " tag="720">
      <subfield code="a">Barrio-Segura, Miguel</subfield>
      <subfield code="e">author</subfield>
   </datafield>
   <datafield ind2=" " ind1=" " tag="720">
      <subfield code="a">López-Arroyo, Érika</subfield>
      <subfield code="e">author</subfield>
   </datafield>
   <datafield ind2=" " ind1=" " tag="720">
      <subfield code="a">Godoy-Rubio, Rafael</subfield>
      <subfield code="e">author</subfield>
   </datafield>
   <datafield ind2=" " ind1=" " tag="720">
      <subfield code="a">Oton, Claudio J.</subfield>
      <subfield code="e">author</subfield>
   </datafield>
   <datafield ind2=" " ind1=" " tag="720">
      <subfield code="a">Wanguemert-Pérez, Juan Gonzalo</subfield>
      <subfield code="e">author</subfield>
   </datafield>
   <datafield ind2=" " ind1=" " tag="720">
      <subfield code="a">Molina-Fernández, Íñigo</subfield>
      <subfield code="e">author</subfield>
   </datafield>
   <datafield ind2=" " ind1=" " tag="260">
      <subfield code="c">2026</subfield>
   </datafield>
   <datafield ind2=" " ind1=" " tag="520">
      <subfield code="a">Photonic integrated biosensors are a promising solution for biomarker detection in applications ranging from clinical diagnostics to food quality monitoring. However, their response is not only affected by molecular binding at the sensor surface, but also by bulk refractive index variations, background composition changes and temperature fluctuations. Most reported implementations cannot separate these effects, leading to inaccurate measurements. In this work, we present a fully integrated dual-polarization Mach-Zehnder interferometer with coherent detection, capable of distinguishing refractive index changes occurring at different distances above the waveguide surface, thereby enhancing sensor robustness. This is achieved through two separate measurements, one using the Transverse Electric (TE) mode and the other using the Transverse Magnetic (TM) mode. By exploiting their different evanescent field penetration depths and postprocessing the respective signals, we solve a system of equations to decouple surface and bulk contributions. Beyond refractive index sensing, this method could be extended to estimate additional parameters such as molecular layer thickness or temperature variations. The good agreement between simulation and experimental results confirms that the proposed sensor can effectively differentiate between contributions due to protein adsorption or biorecognition events within the 10 nm layer closest to the surface (surface effects) from bulk refractive index variations (background effects). To the best of our knowledge, this is the first demonstration of spatially resolved refractive index discrimination by an integrated photonic biosensor with coherent interrogation, highlighting its competitiveness against current state-of-the-art solutions.</subfield>
   </datafield>
   <datafield ind1="8" ind2=" " tag="024">
      <subfield code="a">Ana Sánchez-Ramírez, José Manuel Luque-González, Laura Pérez-Sánchez, Miguel Barrio-Segura, Érika López-Arroyo, Rafael Godoy-Rubio, Claudio J. Oton, J.Gonzalo Wangüemert-Pérez, Iñigo Molina-Fernández, Dual-polarization interferometric sensing for independent characterization of surface and bulk layers, Optics &amp; Laser Technology, Volume 198, 2026, 114886, ISSN 0030-3992, https://doi.org/10.1016/j.optlastec.2026.114886.</subfield>
   </datafield>
   <datafield ind1="8" ind2=" " tag="024">
      <subfield code="a">https://hdl.handle.net/10630/45446</subfield>
   </datafield>
   <datafield ind1="8" ind2=" " tag="024">
      <subfield code="a">https://doi.org/10.1016/j.optlastec.2026.114886</subfield>
   </datafield>
   <datafield tag="653" ind2=" " ind1=" ">
      <subfield code="a">Biosensores</subfield>
   </datafield>
   <datafield tag="653" ind2=" " ind1=" ">
      <subfield code="a">Interferómetros de polarización</subfield>
   </datafield>
   <datafield ind2="0" ind1="0" tag="245">
      <subfield code="a">Dual-polarization interferometric sensing for independent characterization  of surface and bulk layers</subfield>
   </datafield>
</record>
</metadata></record></GetRecord></OAI-PMH>